[Event "Rhein Main op-B 25th"]
[Site "Bad Homburg"]
[Date "2023.06.10"]
[Round "6"]
[White "Pishnograev, Ilya"]
[Black "Kellermann, Friedrich"]
[Result "1-0"]
[WhiteElo "1441"]
[BlackElo "1389"]
[PlyCount "43"]
[EventDate "2023.06.07"]
[EventType "swiss"]
[EventRounds "7"]
[EventCountry "GER"]
[SourceTitle "CBM 215 Extra"]
[Source "ChessBase"]
[SourceDate "2023.09.30"]
[SourceVersion "1"]
[SourceVersionDate "2023.09.30"]
[SourceQuality "1"]

1. e4 e6 2. d4 d5 3. exd5 exd5 4. Bd3 Nf6 5. Nf3 Be7 6. Be3 0-0 7. Nc3 Bg4 8. h3 Bxf3 9. Qxf3 Nc6 10. a3 h6 11. g4 g5 12. h4 Nh7 13. Qf5 Nf6 14. hxg5 Qc8 15. gxf6 Qxf5 16. Bxf5 Bxf6 17. 0-0-0 Bg7 18. Bxh6 Ne7 19. Bxg7 Kxg7 20. Rh7+ Kg8 21. Rdh1 Nxf5 22. gxf5 1-0

[Event "GER-chT11-B3 email"]
[Site "GER email"]
[Date "2015.10.15"]
[Round "?.2"]
[White "Even, Roland"]
[Black "Kellermann, Friedrich"]
[Result "1/2-1/2"]
[WhiteElo "2401"]
[BlackElo "2168"]
[PlyCount "56"]
[EventDate "2015.??.??"]
[EventType "tourn (corr)"]
[EventRounds "8"]
[EventCountry "GER"]
[SourceTitle "Corr 2017"]
[Source "ChessBase"]
[SourceDate "2017.09.19"]
[SourceVersion "1"]
[SourceVersionDate "2017.09.19"]
[SourceQuality "1"]
[WhiteTeam "Agon Neumuenster"]
[BlackTeam "FSF Rochade 5171 II"]

1. Nf3 Nf6 2. c4 c5 3. Nc3 d5 4. cxd5 Nxd5 5. d4 Nxc3 6. bxc3 g6 7. e3 Bg7 8. Bb5+ Bd7 9. Bd3 0-0 10. Rb1 b6 11. 0-0 Qc7 12. e4 Nc6 13. Be3 Bg4 14. Be2 Rad8 15. Rc1 Qb8 16. d5 Ne5 17. Bg5 Bxf3 18. Bxf3 f6 19. Bf4 f5 20. g3 Nxf3+ 21. Qxf3 Be5 22. Bh6 Rf7 23. exf5 Rxf5 24. Qe4 Qd6 25. c4 b5 26. Be3 bxc4 27. Qxc4 Qxd5 28. Qxc5 Bb2 1/2-1/2

[Event "GER-chT11-B3 email"]
[Site "GER email"]
[Date "2015.10.15"]
[Round "?.2"]
[White "Fischer, Wolfgang"]
[Black "Kellermann, Friedrich"]
[Result "1/2-1/2"]
[WhiteElo "2468"]
[BlackElo "2168"]
[PlyCount "58"]
[EventDate "2015.??.??"]
[EventType "tourn (corr)"]
[EventRounds "8"]
[EventCountry "GER"]
[SourceTitle "Corr 2017"]
[Source "ChessBase"]
[SourceDate "2017.09.19"]
[SourceVersion "1"]
[SourceVersionDate "2017.09.19"]
[SourceQuality "1"]
[WhiteTeam "FSV Spremberg"]
[BlackTeam "FSF Rochade 5171 II"]

1. e4 e6 2. d4 d5 3. Nc3 Nf6 4. Bg5 dxe4 5. Nxe4 Be7 6. Bxf6 Bxf6 7. Nf3 0-0 8. Qd2 b6 9. 0-0-0 Bb7 10. Bd3 Nd7 11. h4 c5 12. Nfg5 Qe7 13. Nxh7 Rfd8 14. Nhxf6+ Nxf6 15. Nxf6+ Qxf6 16. dxc5 Bxg2 17. Rhg1 Bf3 18. Rde1 bxc5 19. Qg5 Qxg5+ 20. Rxg5 Rac8 21. Reg1 g6 22. R1g3 c4 23. Rxf3 cxd3 24. c3 Rc4 25. Kd2 Rxh4 26. Rxd3 Rc8 27. Ra5 Rc7 28. Rd4 Rxd4+ 29. cxd4 Kg7 1/2-1/2

[Event "GER-chT10 KJ-31 Br04 email"]
[Site "GER email"]
[Date "2013.10.04"]
[Round "?"]
[White "Kellermann, Friedrich"]
[Black "Calic, Andreas"]
[Result "1/2-1/2"]
[WhiteElo "1890"]
[BlackElo "1722"]
[PlyCount "80"]
[EventDate "2013.10.15"]
[EventType "tourn (corr)"]
[EventRounds "4"]
[EventCountry "GER"]
[SourceTitle "Corr 2015"]
[Source "ChessBase"]
[SourceDate "2015.07.17"]
[SourceVersion "1"]
[SourceVersionDate "2015.07.17"]
[SourceQuality "1"]

1. c4 e5 2. Nc3 Nf6 3. g3 Nc6 4. Bg2 Bb4 5. Nf3 d6 6. Nd5 Bc5 7. 0-0 0-0 8. e3 a6 9. d4 Ba7 10. dxe5 Nxe5 11. Nxe5 dxe5 12. Bd2 c6 13. Nxf6+ Qxf6 14. Ba5 Bc5 15. a3 Bf5 16. Qb3 Qe7 17. Rfd1 h5 18. Rd2 h4 19. Bf3 Rab8 20. Rad1 Rfe8 21. Qc3 e4 22. Be2 Ba7 23. g4 Be6 24. Qe5 Qc5 25. Qxc5 Bxc5 26. Kg2 b6 27. Bc3 Be7 28. Rd4 f5 29. gxf5 Bxf5 30. h3 Kf7 31. Bg4 g6 32. Bxf5 gxf5 33. Rd7 Red8 34. R1d6 Rxd7 35. Rxd7 Ke6 36. Ra7 a5 37. Kf1 c5 38. Ra6 Kf7 39. a4 Rb7 40. Ra8 Rd7 1/2-1/2

[Event "GER-chT9 KI-31 Br03 email"]
[Site "GER email"]
[Date "2011.10.17"]
[Round "?"]
[White "Schild, Reinhard"]
[Black "Kellermann, Friedrich"]
[Result "1/2-1/2"]
[WhiteElo "1922"]
[BlackElo "1906"]
[PlyCount "79"]
[EventDate "2011.10.23"]
[EventType "tourn (corr)"]
[EventRounds "6"]
[EventCountry "GER"]
[SourceTitle "Corr 2015"]
[Source "ChessBase"]
[SourceDate "2015.07.17"]
[SourceVersion "1"]
[SourceVersionDate "2015.07.17"]
[SourceQuality "1"]
[WhiteTeam "Germany"]
[BlackTeam "Latvia"]
[WhiteTeamCountry "GER"]
[BlackTeamCountry "LAT"]

1. c4 Nf6 2. g3 e6 3. Bg2 d5 4. Nf3 c6 5. d4 Nbd7 6. 0-0 Bd6 7. Nc3 0-0 8. Nd2 Be7 9. e4 dxe4 10. Ndxe4 Nxe4 11. Nxe4 e5 12. d5 f5 13. Nc3 e4 14. Be3 Ne5 15. Qb3 Qe8 16. Rad1 Bf6 17. Bd4 Bd7 18. c5 Rf7 19. Rfe1 cxd5 20. f4 Ng4 21. Bh3 Qc8 22. Qa3 Bxd4+ 23. Rxd4 Nf6 24. Nxd5 Nxd5 25. Rxd5 b6 26. Rc1 bxc5 27. Rcxc5 Qf8 28. Bf1 h6 29. Qa6 Rf6 30. Qa5 Rd6 31. Qd2 Rb6 32. Bc4 Kh7 33. Re5 Rd6 34. Rcd5 Rxd5 35. Qxd5 Rd8 36. Qc5 Qxc5+ 37. Rxc5 Rc8 38. Rxc8 Bxc8 39. Kf2 Bd7 40. Ke3 1/2-1/2

[Event "GER-chT9 KI-31 Br03 email"]
[Site "GER email"]
[Date "2011.10.17"]
[Round "?"]
[White "Ziegert, Andreas"]
[Black "Kellermann, Friedrich"]
[Result "1/2-1/2"]
[WhiteElo "1783"]
[BlackElo "1906"]
[PlyCount "29"]
[EventDate "2011.10.23"]
[EventType "tourn (corr)"]
[EventRounds "6"]
[EventCountry "GER"]
[SourceTitle "Corr 2015"]
[Source "ChessBase"]
[SourceDate "2015.07.17"]
[SourceVersion "1"]
[SourceVersionDate "2015.07.17"]
[SourceQuality "1"]
[WhiteTeam "Germany"]
[BlackTeam "Latvia"]
[WhiteTeamCountry "GER"]
[BlackTeamCountry "LAT"]

1. e4 e6 2. d4 d5 3. Nc3 dxe4 4. Nxe4 Nd7 5. Nf3 Ngf6 6. Bd3 Nxe4 7. Bxe4 Nf6 8. Bd3 c5 9. 0-0 cxd4 10. Nxd4 Bc5 11. Nb3 Bd6 12. Bb5+ Bd7 13. Qxd6 Bxb5 14. Qxd8+ Rxd8 15. Re1 1/2-1/2